header

Courage after fire (Record no. 64375)

MARC details
000 -LEADER
fixed length control field 01583nam a2200397 a 4500
082 04 - DEWEY DECIMAL CLASSIFICATION NUMBER
Classification number 616.890088355
100 1# - MAIN ENTRY--AUTHOR NAME
Personal name Armstrong, Keith
245 10 - TITLE STATEMENT
Title Courage after fire
260 ## - PUBLICATION, DISTRIBUTION, ETC. (IMPRINT)
Place of publication Berkeley, Calif. :
Name of publisher Ulysses Press,
Year of publication c2006.
300 ## - PHYSICAL DESCRIPTION
Number of Pages 239 p. :
Other physical details ill.
650 #0 - SUBJECT ADDED ENTRY--TOPICAL TERM
Topical Term War neuroses.
Topical Term Military psychiatry.
Topical Term Veterans
Topical Term Veterans' families
700 1# - ADDED ENTRY--PERSONAL NAME
Personal name Best, Suzanne,
Personal name Domenici, Paula.
856 40 - ELECTRONIC LOCATION AND ACCESS
Uniform Resource Identifier http://site.ebrary.com/lib/rucke/Doc?id=10298277

No items available.

© 2026 Rongo University
Contact us: librarian | system librarian | Rongo university